Cơ sở kỹ thuật truyền số liệu /
Thông tin và sự trao đổi thông tin giữa các thiết bị đầu cuối; Tín hiệu đường truyền; Kỹ thuật truyền số liệu; Bảo vệ chống sai trong truyền số liệu; kiểm soát đường nối dữ liệu; Mạng truyền số liệu.
Guardat en:
| Autor principal: | |
|---|---|
| Format: | Llibre |
| Idioma: | Vietnamese |
| Publicat: |
Tp.HCM :
Khoa học và kỹ thuật,
1998.
|
| Matèries: | |
| Etiquetes: |
Afegir etiqueta
Sense etiquetes, Sigues el primer a etiquetar aquest registre!
|
| Thư viện lưu trữ: | Mạng thư viện Đại học Đà Nẵng |
|---|
| LEADER | 01146cam a2200337 i 4500 | ||
|---|---|---|---|
| 001 | 000042743 | ||
| 003 | 618 | ||
| 005 | 20041027154529.0 | ||
| 008 | 010217b1998 vm 000 vie | ||
| 020 | |c 35000 | ||
| 040 | |a IRC |c IRC |d IRC | ||
| 041 | 0 | |a vie | |
| 082 | 1 | 4 | |a 004.6 |b NG-T |
| 100 | 1 | |a Nguyễn Văn Thưởng. | |
| 245 | 1 | 0 | |a Cơ sở kỹ thuật truyền số liệu / |c Nguyễn Văn Thưởng. |
| 260 | |a Tp.HCM : |b Khoa học và kỹ thuật, |c 1998. | ||
| 300 | |a 415 tr. ; |c 20,5 cm. | ||
| 520 | 3 | |a Thông tin và sự trao đổi thông tin giữa các thiết bị đầu cuối; Tín hiệu đường truyền; Kỹ thuật truyền số liệu; Bảo vệ chống sai trong truyền số liệu; kiểm soát đường nối dữ liệu; Mạng truyền số liệu. | |
| 630 | 0 | 4 | |a Thông tin. |
| 630 | 0 | 4 | |a Truyền số liệu. |
| 650 | 0 | 4 | |a Truyền số liệu |x Kỹ thuật. |
| OWN | |a DUT | ||
| 999 | |a From the UDN01 | ||
| TYP | |a Monograph | ||
| TYP | |a Printed language | ||
| 980 | |a Mạng thư viện Đại học Đà Nẵng | ||